Model Zet model hodnotenia spoločenskej zodpovednosti

Systémový prístup k implementácii a zlepšovaniu spoločenskej zodpovednosti. Jednotný spôsob preukazovania spločenskej zodpovednosti organizácií v Slovenskej republike - model ZET.

Saved in:
Bibliographic Details
Main Author: Paulová, Iveta
Other Authors: Vaňová, Jaromíra
Format: Book Chapter
Language:Slovak
Subjects:
Tags: Add Tag
No Tags, Be the first to tag this record!

MARC

LEADER 00000naa a2200000 4500
001 0200523
005 20231012072807.4
041 0 |a slo 
044 |a SK 
245 1 0 |a Model Zet model hodnotenia spoločenskej zodpovednosti  |c Iveta Paulová, Jaromíra Vaňová 
520 |a Systémový prístup k implementácii a zlepšovaniu spoločenskej zodpovednosti. Jednotný spôsob preukazovania spločenskej zodpovednosti organizácií v Slovenskej republike - model ZET. 
610 2 0 |a Slovensko 
610 2 0 |a zodpovednosť spoločenská 
610 2 0 |a bezpečnosť environmentálna 
610 2 0 |a politika ekologická 
610 2 0 |a manažment environmentálny 
610 2 0 |a rozvoj trvalo udržateľný 
610 2 0 |a ekonomika ekologická 
100 1 |a Paulová, Iveta 
700 1 |a Vaňová, Jaromíra